000 006730000a22002170004500
020 _a958-602-220-X
041 0 _aSPA
082 0 4 _aG 658 D7941g
100 1 _aDrucker, Peter F. (Ferdinand) (1909-2005)
245 1 0 _aLa gerencia en tiempos difíciles / Peter F. Drucker ; M. Mauricio Prelooker, Traductor
260 _aBogotá : Círculo de Lectores
300 _a184 Pág.
440 0 _aBiblioteca de la administración
500 _aTítulo original : Managing in turbulent times
650 1 4 _aADMINISTRACION
001 14516
942 _cBK
999 _c43375
_d43375
336 _atexto
_btxt
_2rdacontent
337 _2rdamedia
_asin mediación
_bn
338 _2rdacarrier
_avolumen
_bnc